| 000 | 00559nam a22001577a 4500 | ||
|---|---|---|---|
| 005 | 20251108172535.0 | ||
| 008 | 250721s9999 xx 000 0 ara d | ||
| 082 | 1 | 4 | _a347.03شعل |
| 100 | 1 | _aشعلة، سعيد أحمد | |
| 245 | 1 | 0 | _aقضاء النقض المدني في المحاماة : مجموعة القواعد القانونية التيقررتها محكمة النقض / |
| 264 | 1 |
_aالإسكندرية : _bمنشأة المعارف، |
|
| 300 | _a201 ص | ||
| 650 | 1 | 7 | _aالقانون المدني |
| 942 |
_2ddc _cBK |
||
| 999 |
_c82028 _d82028 |
||